01037nam a2200289Ia 450000500170000000800270001702000180004410000180006224501510008025000170023130000640024865000380031265000380035065000270038865000280041570000370044370000370048070000300051794200150054726400360056233600270059833700330062533800280065804000350068608400110072199900150073220220317000310.0141031s9999 ck 000 0 spa d a97884937506401 aDunbar, Joyce13aEl monstruo que se comió la oscuridad cJoyce Dunbar y Jimmi Liao ; traducción Carles Andreu y Albert Vitó ; ilustración Francisco Delgado a1a edición a[56] páginas sin enumerarbilustraciones en colorc26 cm.142LEMBaCuentos infantiles ingleses142LEMBaLiteratura infantil inglesa142LEMBaMountrosvCuento142LEMBaOscuridadvCuento1 aAndreu, Carlesetraductor9100001 aVitó, Albertetraductor910001 aLiao, Jimmy,d1958-93307 2loccBKINF a[Madrid?]bBarbara Fiore c2010 atextobtxt2rdacontent asin mediaciónbn2rdamedia avolumenbnc2rdacarrier aCO-BoRNBPbspaerdacCO-BoRNBP aC DUN2 c3655d3655